[Event "Reno Far West op"]
[Site "Reno"]
[Date "2006.04.09"]
[Round "6"]
[White "Hong, Ernest"]
[Black "Reece, Royce"]
[Result "0-1"]
[WhiteElo "2028"]
[BlackElo "2002"]
[PlyCount "80"]
[EventDate "2006.04.12"]
[EventType "swiss"]
[EventRounds "6"]
[EventCountry "USA"]
[SourceTitle "EXT 2009"]
[Source "ChessBase"]
[SourceDate "2008.11.26"]
[SourceVersion "1"]
[SourceVersionDate "2008.11.26"]
[SourceQuality "1"]

1. c4 Nf6 2. g3 b6 3. Bg2 Nc6 4. e4 e5 5. Ne2 Bc5 6. h3 0-0 7. 0-0 Ba6 8. Qa4 Bb7 9. d3 Nd4 10. Nbc3 a5 11. Nxd4 Bxd4 12. Ne2 Bc5 13. Qc2 c6 14. Rd1 d5 15. exd5 cxd5 16. d4 exd4 17. Nxd4 Rc8 18. Qa4 Qe8 19. Qxe8 Rfxe8 20. Be3 Ba8 21. Rac1 dxc4 22. Rxc4 Nd5 23. Nf5 Nxe3 24. fxe3 Bxg2 25. Kxg2 g6 26. b4 Bxb4 27. Nd6 Bxd6 28. Rxc8 Rxc8 29. Rxd6 Rc2+ 30. Kf3 Rb2 31. a4 Rb4 32. Rd4 Rxd4 33. exd4 Kf8 34. Ke4 Ke7 35. Kd5 Kd7 36. g4 f6 37. h4 h5 38. gxh5 gxh5 39. Ke4 b5 40. axb5 a4 0-1

[Event "Western States op"]
[Site "Reno"]
[Date "2002.10.19"]
[Round "?"]
[White "Reece, Royce"]
[Black "Todortsev, Victor"]
[Result "1-0"]
[WhiteElo "1861"]
[BlackElo "1943"]
[PlyCount "95"]
[EventDate "2002.10.18"]
[EventType "swiss"]
[EventRounds "6"]
[EventCountry "USA"]
[SourceTitle "EXT 2009"]
[Source "ChessBase"]
[SourceDate "2008.11.26"]
[SourceVersion "1"]
[SourceVersionDate "2008.11.26"]
[SourceQuality "1"]

1. d4 Nf6 2. c4 e6 3. Nc3 d5 4. cxd5 exd5 5. Bg5 Be7 6. Qc2 c6 7. e3 0-0 8. Bd3 h6 9. Bh4 Re8 10. Nge2 Nh5 11. Bxe7 Qxe7 12. h3 Nf6 13. 0-0 Nbd7 14. Ng3 g6 15. Rae1 Nf8 16. Qd2 Kg7 17. f3 Be6 18. e4 dxe4 19. fxe4 Qd7 20. Qf2 N8h7 21. e5 Nd5 22. Nce4 Rad8 23. Nd6 Rf8 24. Nge4 b6 25. a3 f5 26. Nd2 f4 27. Qe2 Ne3 28. Rf2 Qe7 29. Nf1 Nd5 30. Qc2 Qg5 31. Ne4 Qe7 32. Nd6 Ne3 33. Nxe3 fxe3 34. Rxe3 Rxf2 35. Qxf2 Bd5 36. Rg3 Ng5 37. h4 Rf8 38. Qc2 Nf3+ 39. gxf3 Qxh4 40. Rxg6+ Kh8 41. Qf2 Qf4 42. Be4 Bg8 43. Rg4 Qc1+ 44. Kh2 Be6 45. Rg1 Qf4+ 46. Qg3 c5 47. Qxf4 Rxf4 48. d5 1-0